Introduction to accounting for business studies
Saved in:
| Main Author: | |
|---|---|
| Other Authors: | |
| Format: | Book |
| Language: | English |
| Published: |
London : Boston :
Butterworths,
1985
|
| Edition: | 4th ed. |
| Subjects: | |
| Tags: |
Add Tag
No Tags, Be the first to tag this record!
|
MARC
| LEADER | 00000cam a2200000 i 4500 | ||
|---|---|---|---|
| 001 | 1/45165 | ||
| 008 | 950616s1985 eng d | ||
| 020 | |a 040801542X | ||
| 035 | |l 10026098 | ||
| 040 | |a GR-MY-UA |b gre |e aacr | ||
| 041 | 0 | |a eng | |
| 082 | 0 | |a 657 | |
| 100 | 1 | |a Langley, F. P. | |
| 245 | 1 | 0 | |a Introduction to accounting for business studies / |c F.P. Langley and G.S. Hardern |
| 250 | |a 4th ed. | ||
| 260 | |a London : |a Boston : |b Butterworths, |c 1985 | ||
| 300 | |a 385 p.; |c 24 cm | ||
| 500 | |a Includes index | ||
| 650 | 0 | 0 | |a Accounting. |
| 700 | 1 | |a Hardern, G. S. (Geoff S.) | |
| 852 | |a INST |b CHIOS |e 19950616 |h 657 LAN |p 005200004789 |q 005200004789 |t BK |y 0 | ||
| 909 | |a Χ |b 003831 | ||